Comitè de Cinema de la Generalitat de Catalunya
Descripción Física:
[16] p. ; 28 cm
Materias:
Cinematografia -- Catalunya
MARC
| LEADER | 00000nam a2200000Ia 4500 | ||
|---|---|---|---|
| 001 | 18278 | ||
| 008 | 160829s1934 xx 000 0 cat d | ||
| 080 | |a 4358, exp. 3 | ||
| 100 | |a Catalunya. Comitè de Cinema |9 43323 | ||
| 245 | |a Comitè de Cinema de la Generalitat de Catalunya | ||
| 260 | |a Barcelona : |b [s.n.], |c 1934 | ||
| 300 | |a [16] p. ; |c 28 cm | ||
| 650 | |a Cinematografia |x Catalunya |9 41705 | ||
| 710 | 1 | |a Catalunya. |b Generalitat |9 12125 | |
| 901 | |a Arxiu | ||
| 942 | |n 1 | ||
| 952 | |0 0 |1 0 |4 0 |6 4358_EXP_3 |7 1 |9 54355 |a Arxiu |b Arxiu |d 2016-12-01 |l 0 |o 4358, exp. 3 |p 18278 |r 2016-12-01 00:00:00 |w 2016-12-01 |y ARXIU | ||
| 999 | |c 58224 |d 58224 | ||